000 00658nam a2200193 a 4500
003 SISC
005 20191118091313.0
008 111008s19uu xx 00 eng d
020 _a978047082754
050 _aHC 79.E5
_b.W927 2010
245 _aThe world that changes the world :
_bhow philanthropy, innovation, and entrepreneurship are transforming the social ecosystem /
_cedited by Willie Cheng and Sharifah Mohammed.
260 _aSingapore :
_bJohn Wiley & Sons (Asia) Pte,
_c2010.
300 _a388 p. :
_bill. ;
_c24 cm.
650 _aPhilantrophy
650 _aInnovation
650 _aEntrepreneurship
942 _cBK
_2lcc
_kFOR
999 _c24838
_d24838